000
00211 a2200097 4500
001
18740
100
_a
Balighuddin S
245
_a
Rizm-e-haq-o-batil
260
_a
_b
paradize Pub a
_c
1973
090
_c
13896
_d
13896
942
_a
NUST-CAE
_c
M
_c
4331
999
_c
253813
_d
253813